000 00616nam a22002057a 4500
003 OSt
005 20140310182912.0
008 130128t xxu||||| |||| 00| 0 eng d
020 _a9789712350320
050 _a LB 1765.P6
_bYe42 2008
082 _aFIL 353.003
_bY42 2008
245 _aTechniques and strategies in taking the Civil Service Commission (CSC) eligibility examinations /
_cYebra, Orlando Obispo Jr.
260 _aManila :
_bRex Book Store,
_c2008
300 _a140 p.
_c22 cm
521 _acollege students
526 _c1210L-1700L
541 _j1
562 _e1
942 _2lcc
_cBK
_kFIL
999 _c17241
_d17241